000 01216nam a2200349 i 4500
001 10912
003 ES-MaACL
005 20250126063041.0
007 t|
008 920910s1992 sp ||||0| spa
020 _a84-206-4231-2
080 _a316.344.42(729.1)"18"
080 _a316.344.42(460)"18"
080 _a339.9(729.1:460)"18"
080 _a339.9(729.1:410)"18"
100 0 _aBahamonde Magro, Angel,
_d1949-
_924660
245 1 0 _aHacer las Américas :
_b: las élites coloniales españolas en el siglo XIX /
_cÁngel Bahamonde y José Cayuela.
260 _aMadrid :
_bAlianza Editorial,
_c[1992]
300 _a390 p ;
_c23 cm.
490 1 _aAlianza América ;
_v31
500 _aÍndices.
504 _aBibliografía: p. 371-374.
650 _aÉlites-
_zCuba-
_vHistoria.
_9172958
650 4 _aÉlites-
_zEspaña-
_yS.XIX.
_912173
651 4 _aCuba-
_xRelaciones económicas-
_zEspaña.
_98118
651 4 _aEspaña-
_xRelaciones económicas-
_zCuba.
_98482
651 4 _aCuba-
_xRelaciones económicas-
_zGran Bretaña.
_9172957
700 1 _aCayuela, José.
_937217
830 1 _aAlianza América ;
_v31
_9179320
852 _aES-MaACL
_jL-18202
999 _c10912
_d10912